Statistics for Formula One Multiple Champions

Click here to take the quiz!

General Stats

  • This quiz has been taken 340 times
  • The average score is 14 of 16

Answer Stats

TitlesDriver% Correct
7Michael Schumacher
100%
4Alain Prost
98%
3Lewis Hamilton
98%
3Ayrton Senna
97%
4Sebastian Vettel
97%
5Juan Manuel Fangio
96%
2Fernando Alonso
93%
3Niki Lauda
89%
2Graham Hill
88%
2Alberto Ascari
86%
3Nelson Piquet
85%
3Jackie Stewart
84%
2Mika Häkkinen
84%
2Emerson Fittipaldi
79%
2Jim Clark
79%
3Jack Brabham
76%

Score Distribution

Percentile by Number Answered

Percent of People with Each Score

Your Score History

You have not taken this quiz